| 000 | 00572nam a2200181Ia 4500 | ||
|---|---|---|---|
| 005 | 20250326140625.0 | ||
| 008 | 250326s9999 xx 000 0 und d | ||
| 037 | _aTextbook | ||
| 040 |
_aFMSL _beng _cFMSL |
||
| 041 |
_aeng _2eng |
||
| 084 |
_aX:74:f.1 P0 _qFMSL |
||
| 100 |
_aPurkayastha S _9742713 |
||
| 245 | 0 |
_aGlobal innovation strategies: The R &D and technology interface in the new millennium _cPurkayastha S |
|
| 260 |
_aNew Delhi _bNew Delhi, Tata McGraw Hill _c2000 |
||
| 300 | _a194p | ||
| 942 |
_cTB _hX:74:f.1 P0 |
||
| 999 |
_c1286608 _d1286608 |
||